En torno a la herencia colonial de América Latina /
Guardado en:
| Autor principal: | |
|---|---|
| Formato: | Texto |
| Materias: | |
| Etiquetas: |
Agregar Etiqueta
Sin Etiquetas, Sea el primero en etiquetar este registro!
|
MARC
| LEADER | 00000 a a2200000 04500 | ||
|---|---|---|---|
| 001 | 42556 | ||
| 003 | |||
| 040 | |||
| 100 | |a Vega, José Luis | ||
| 245 | |a En torno a la herencia colonial de América Latina / |c José Luis Vega | ||
| 650 | |a HISTORIA SOCIAL | ||
| 650 | |a HISTORIA ECONOMICA | ||
| 650 | |a AMERICA CENTRAL | ||
| 773 | |g volumen1, número2 ( , 1972), Páginas 175-179 | ||
| 999 | |c 39294 |d 39294 | ||
| 773 | 0 | |0 18875 |9 5536 |a Universidad de Costa Rica. |d San José, Costa Rica: Universidad de Costa Rica. Consejo Superior Universitario Centroamericano, 1972- |o 13786 |t Estudios Sociales Centroamericanos / |x 03039676 | |
